[Event "POL-chT 2nd League"]
[Site "Jastrzebia Gora"]
[Date "2023.09.04"]
[Round "3.13"]
[White "Mickiewicz, Piotr"]
[Black "Kumala, Aleksander"]
[Result "1/2-1/2"]
[WhiteElo "2255"]
[BlackElo "2165"]
[PlyCount "123"]
[EventDate "2023.09.02"]
[EventType "team-swiss"]
[EventRounds "9"]
[EventCountry "POL"]
[SourceTitle "CBM 216 Extra"]
[Source "ChessBase"]
[SourceDate "2023.11.30"]
[SourceVersion "1"]
[SourceVersionDate "2023.11.30"]
[SourceQuality "1"]
[WhiteTeam "Zielonka Zieloni"]
[BlackTeam "Gdansk Korona"]
[WhiteTeamCountry "POL"]
[BlackTeamCountry "POL"]

1. Nf3 Nf6 2. c4 Nc6 3. d4 e6 4. a3 g6 5. Nc3 Bg7 6. e4 d6 7. Be2 0-0 8. 0-0 Re8 9. Be3 e5 10. dxe5 Nxe5 11. Nxe5 dxe5 12. Qxd8 Rxd8 13. Nb5 Rd7 14. Rfd1 c6 15. Nxa7 Rxd1+ 16. Rxd1 Be6 17. f3 Nd7 18. b4 Bf8 19. Rb1 Bd6 20. a4 Bb8 21. Nc8 Bc7 22. Ne7+ Kf8 23. Nd5 cxd5 24. cxd5 Bxd5 25. exd5 Bb6 26. Bxb6 Nxb6 27. a5 Nxd5 28. Bc4 Ne3 29. Bb3 Nf5 30. Bd5 Rb8 31. Rc1 Ne7 32. Rc5 b6 33. Rb5 Nxd5 34. Rxd5 bxa5 35. bxa5 f6 36. a6 Rb1+ 37. Kf2 Ra1 38. Rd8+ Kg7 39. Ra8 Ra2+ 40. Kf1 h5 41. a7 Kh7 42. Ke1 Kg7 43. Kd1 Kh7 44. Kc1 Kg7 45. Kb1 Ra6 46. Kc2 Ra2+ 47. Kb3 Ra6 48. h4 Ra1 49. Kb4 Rb1+ 50. Kc5 Ra1 51. Kb6 Rb1+ 52. Kc6 Ra1 53. Kd6 Ra2 54. Ke6 Ra6+ 55. Ke7 Ra1 56. Kd7 Ra2 57. g3 Ra1 58. Kc6 Ra2 59. Kb6 Rb2+ 60. Kc5 Ra2 61. Kc4 Ra1 62. Kd5 1/2-1/2

[Event "POL-chT 2nd League"]
[Site "Jastrzebia Gora"]
[Date "2023.09.03"]
[Round "2.37"]
[White "Kumala, Aleksander"]
[Black "Malisauskas, Vidmantas"]
[Result "1-0"]
[WhiteElo "2165"]
[BlackElo "2344"]
[PlyCount "54"]
[EventDate "2023.09.02"]
[EventType "team-swiss"]
[EventRounds "9"]
[EventCountry "POL"]
[SourceTitle "CBM 216 Extra"]
[Source "ChessBase"]
[SourceDate "2023.11.30"]
[SourceVersion "1"]
[SourceVersionDate "2023.11.30"]
[SourceQuality "1"]
[WhiteTeam "Gdansk Korona"]
[BlackTeam "Lipusz WDA"]
[WhiteTeamCountry "POL"]
[BlackTeamCountry "POL"]

1. d4 g6 2. e4 Bg7 3. Nc3 c6 4. Be3 d5 5. Nf3 dxe4 6. Nxe4 Nd7 7. Bc4 Ngf6 8. Nxf6+ Nxf6 9. 0-0 Nd5 10. Bg5 f6 11. Bd2 Be6 12. Bb3 0-0 13. c4 Nc7 14. Re1 Bf7 15. Bc3 Re8 16. Qe2 a5 17. a4 b5 18. axb5 Nxb5 19. cxb5 Bxb3 20. bxc6 Qb6 21. Qd2 Qxc6 22. Rxa5 Rxa5 23. Bxa5 Bd5 24. Qc3 Qa8 25. Bb4 e6 26. Bc5 g5 27. b4 g4 1-0

[Event "Titled Tuesday intern op 11th Jul Early"]
[Site "Chess.com INT"]
[Date "2023.07.11"]
[Round "2"]
[White "Kumala, Aleksander"]
[Black "Haitin, Ilja"]
[Result "1/2-1/2"]
[WhiteElo "2165"]
[BlackElo "2327"]
[PlyCount "126"]
[EventDate "2023.07.11"]
[EventType "swiss (blitz)"]
[EventRounds "11"]
[EventCountry "USA"]
[SourceTitle "EXT 2024"]
[Source "ChessBase"]
[SourceDate "2023.10.10"]
[SourceVersion "1"]
[SourceVersionDate "2023.10.10"]
[SourceQuality "1"]

1. d4 e6 2. e4 d5 3. Nd2 Be7 4. Ngf3 Nf6 5. e5 Nfd7 6. Bd3 c5 7. c3 Nc6 8. 0-0 g5 9. dxc5 Nxc5 10. Bc2 g4 11. Nd4 Nxe5 12. f4 gxf3 13. N2xf3 Ng6 14. Bh6 Bd7 15. b4 Ne4 16. Qe1 f5 17. c4 Qb6 18. c5 Qc7 19. Bxe4 dxe4 20. Ng5 Bxg5 21. Bxg5 0-0 22. Rd1 Ba4 23. Rc1 Qe5 24. Ne2 Bb5 25. Bh6 Rf7 26. Rf2 Bxe2 27. Qxe2 Rd8 28. Qc2 f4 29. b5 e3 30. Re2 Qh5 31. c6 bxc6 32. bxc6 Qxh6 33. c7 Rc8 34. Qe4 Qf8 35. Qxe6 Kh8 36. Rec2 Re7 37. Qd6 f3 38. gxf3 e2 39. Re1 Rexc7 40. Rxc7 Qxd6 41. Rxc8+ Kg7 42. Rxe2 Nf4 43. Rec2 Qd1+ 44. Kf2 Qd4+ 45. Kg3 Ng6 46. R8c7+ Kh6 47. R7c4 Qg1+ 48. Kh3 Qf1+ 49. Kg3 Qe1+ 50. Kg2 Qe6 51. h3 a6 52. a4 Qf6 53. Kg3 Qg5+ 54. Rg4 Qe5+ 55. Kg2 Nf4+ 56. Kg1 Qe1+ 57. Kh2 Qe5 58. Rc6+ Ng6+ 59. Kg2 Qe2+ 60. Kg3 Qe1+ 61. Kg2 Qe2+ 62. Kg3 Qd1 63. Kg2 Qe2+ 1/2-1/2